Schnelles Tippen von A bis Z - Statistiken

Allgemein
  • Dieses Quiz wurde 10.134 mal gespielt
  • Das Durchschnittsergebnis liegt bei 22 aus 26
Antwortstatistiken
Antwort % Korrekt
A
97%
E
93%
B
92%
D
91%
C
89%
F
89%
I
88%
G
87%
H
87%
O
85%
J
84%
K
84%
L
83%
Q
83%
R
82%
P
81%
M
80%
N
80%
S
80%
T
80%
U
79%
W
78%
V
72%
Z
71%
X
68%
Y
68%
Keine übereinstimmenden Quizze gefunden
Verteilung der Resultate
Anzahl Personen mit jedem Resultat
Perzentil nach korrekt beantworteten Fragen
Ihre Resultats-Entwicklung
Sie haben dieses Quiz noch nicht gespielt